000 00753nam a2200229Ia 4500
001 3274
003 GE_BSU
008 181216s||||||||xx |||||||||||||| ||und||
020 _a5756700617
040 _cGE_BSU
080 _a330(075.8)
245 _aЭкономика общественного секрета:
245 _bОвсновы теории государственных финансов:Учебник для вузов;
245 _cред сов: В.И.Бахмин, Я Н Бергер. и др.
260 _aМосква
260 _bАспект Пресс,
260 _c!996
300 _a319 см.
541 _h8 Л. 20 Т.
653 _aЭкономика общественного секрета:
942 _cBK
999 _c37315
_d37315